000 00753cam a2200205 4500
001 WB3636-14
008 000000n2000 000 0 eng u
035 _a(Sirsi) u108305
245 _aStudent housing causing decline
260 _c2000
490 _aUrban Environment Today
_v (104) 7 September 2000, 1(1)
520 _aResponding to the government's Housing Green Paper, in a submission to the DETR ten MPs have argued that high levels of student housing in deprived areas can accelerate the decline of traditional neighbourhoods and should be controlled.
590 _aWB
650 _aHOUSING GREEN PAPER
650 _aDEPRIVED AREAS
650 _aSTUDENT HOUSING
650 _aNEIGHBOURHOOD DECLINE
690 _aHOUSING
942 _n0
999 _c64657
_d64657